| 000 | 00717cam a2200193 4500 | ||
|---|---|---|---|
| 001 | WB3608-34 | ||
| 008 | 000000n2000 000 0 eng u | ||
| 035 | _a(Sirsi) u104362 | ||
| 245 | _aMorley launches indicators | ||
| 260 | _c2000 | ||
| 490 |
_aMAFF News Release _v(53/00) 21 February 2000 (3) |
||
| 520 | _aThe government has launched a set of indicators to assess the economic, social and environmental impact of agriculture. The publication "Towards sustainable agriculture: a pilot scheme of indicators" is available at http://www.maff.gov.uk | ||
| 590 | _aWB | ||
| 650 | _aMAFF | ||
| 650 | _aINDICATORS | ||
| 650 | _aSUSTAINABLE AGRICULTURE | ||
| 690 | _aRURAL-AGRICULTURE AND FORESTRY | ||
| 942 | _n0 | ||
| 999 |
_c62608 _d62608 |
||